00922nam a22002417a 4500003000400000005001700004008004100021040000800062041001200070082001300082245013000095260002900225300002300254504002900277650005500306650004300361650004700404650003200451650002200483942002300505952013700528999001500665OSt20251221131607.0251220b |||||||| |||| 00| 0 eng d cDCL aEnglish a305.895800aFactors Affecting the Decisions of Rohingya to Remain in Myanmar or Leave For Bangladesh Following the events of August 2017  a[s.l] :b[s.n],c[2017]. a72 pages :c24 cm. aBibliography: p. 251-267 aRohingya (Burmese people) zMyanmarzRakhine State aRohingya (Burmese people) zBangladesh aRohingya (Burmese people) xCrimes against aStateless persons zMyanmar aRefugeeszMyanmar 2ddccSHORT TERMn0 00102ddc40708EaDHAMbDHAMcENBSd2025-12-20l0o305.8958 Fa 4292pEB00004292r2025-12-20 17:04:19w2025-12-20ySHORT TERMA4292 c2765d2765